4005-甘木鉄道の駅 - Statistics

General Stats
  • This quiz has been taken 71 times
  • The average score is 9 of 11
Answer Stats
本線 % Correct
甘木
100%
基山
95%
小郡
93%
太刀洗
86%
西太刀洗
81%
立野
77%
大板井
77%
高田
72%
山隈
70%
松崎
67%
今隈
67%
No matching quizzes found
Score Distribution
Percent of People with Each Score
Percentile by Number Answered
Your Score History
You have not taken this quiz